Personnalités sur les billets de banque en francs français - Statistiques

Statistiques générales
  • Ce quiz a été pris 9 866 fois
    8 971 depuis la dernière actualisation
  • Le résultat moyen est 9 sur 18
Statistiques - réponses
Par images Hint Réponse % Correct
(1954) Victor Hugo
89%
(1994) Pierre et Marie Curie
87%
(1959) Napoléon Bonaparte
82%
(1959) Molière
73%
(1963) Voltaire
65%
(1953) Richelieu
63%
(1992) Antoine de Saint-Exupéry
60%
(1995) Gustave Eiffel
54%
(1959) Henri IV
49%
(1978) Eugène Delacroix
48%
(1966) Louis Pasteur
46%
(1942) René Descartes
36%
(1981) Montesquieu
28%
(1968) Blaise Pascal
27%
(1972) Hector Berlioz
22%
(1962) Jean Racine
18%
(1964) Pierre Corneille
17%
(1996) Paul Cézanne
10%
Aucun quiz correspondant
Distribution des résultats
% des personnes avec chaque résultat
Percentile par nombre de réponses
Votre historique - résultats
Vous n’avez pas pris ce quiz depuis la dernière actualisation